[Event "Yerevan zt 1.5"]
[Site "Yerevan"]
[Date "2000.06.10"]
[Round "4"]
[White "Tosic, Miroslav"]
[Black "Halkias, Stelios"]
[Result "1-0"]
[WhiteElo "2500"]
[BlackElo "2480"]
[Annotator "Tsesarsky,I"]
[PlyCount "49"]
[EventDate "2000.06.07"]
[EventType "swiss"]
[EventRounds "9"]
[EventCountry "ARM"]
[SourceTitle "CBM 078"]
[Source "ChessBase"]
[SourceDate "2000.10.18"]
[SourceVersion "1"]
[SourceVersionDate "2000.10.18"]
[SourceQuality "1"]

1. d4 Nf6 2. Nf3 c5 3. e3 d5 4. c4 e6 5. a3 a6 (5... dxc4 $11) 6. dxc5 (6. cxd5
Nxd5 (6... exd5 7. dxc5 Bxc5 8. b4 Ba7 9. Bb2 $14 {[%csl Yd4,Rd5] 1-0 Berger,
Johann Nepomuk-Reti,Richard/Vienna (5) ;HCL 1908 (26)}) 7. dxc5 (7. e4 Nf6 8.
Nc3 cxd4 9. Qxd4 (9. Nxd4 e5 $11) 9... Qxd4 10. Nxd4 Bc5 $11) 7... Bxc5 8. Bd3
h6 9. O-O Nc6 10. e4 Nf6 11. e5 Nd5 12. Re1 Bd7 13. b4 Bb6 14. Be4 Nce7 $11 {
Strakova,R-Petrovicova,Elena/CSR-ch (Women) (8) ;TD 1992/1-0 (45)}) 6... Bxc5
7. b4 (7. Nc3 Ba7 (7... dxc4 8. Qxd8+ Kxd8 9. Bxc4 b5 $11 {[%cal Gc8b7,Gd8e7]})
8. Be2 (8. cxd5 Nxd5 9. Nxd5 exd5 10. Be2 (10. b4 O-O 11. Bb2 $14) 10... Nc6
11. O-O O-O $132 {[%cal Gd5d4]}) 8... O-O 9. O-O dxc4 10. Bxc4 b5 $11 {
Zhulanov,Viktor-Totsky,Leonid/RUS-ch sf Perm (1) ;EXT 2000 1997/1/2-1/2 (60)})
7... Ba7 {Another good continuations are:} (7... Be7 8. Bb2 (8. Nbd2 O-O 9. Bb2
a5 $1 (9... Nc6 10. Rc1 Bd7 11. Bd3 b5 12. c5 (12. cxb5 axb5 13. O-O Na7 14.
Qe2 Qb6 $11 {1-0 Rantanen,Yrjo A-Skembris,Spyridon/Dubai ol (Men) (7) ;TD 1986
(33)}) 12... a5 13. Bc3 Qc7 14. O-O axb4 15. axb4 Rfb8 16. Ra1 $14) 10. b5 Nbd7
11. Be2 Nc5 $11 {Levitina,Irina S-Chelushkina,Irina/Subotica Interzonal (Women)
(2) ;TD 1991/1/2-1/2 (49)}) (8. cxd5 Qxd5 $11 (8... exd5 9. Bb2 O-O 10. Be2 $14
{[%csl Yd4,Rd5] 1/2-1/2 Gurevich,Dmitry-Ioseliani,Nana/EUCup Gr5 Mulhouse ;EXT
99 1997 (26)})) 8... dxc4 $1 (8... O-O 9. Nbd2 a5 (9... Nc6 10. Qc2 Bd7 11. Rc1
dxc4 12. Nxc4 Rc8 $11 {Kivimaki,Jaakko-Froberg,Harri/FIN-chT ;EXT 98 1993/1/
2-1/2 (73)}) 10. b5 Nbd7 11. cxd5 Nxd5 $11 (11... exd5 12. Be2 Nc5 13. O-O Bf5
14. Nd4 Bg6 15. a4 $14 {1/2-1/2 Smyslov,Vassily-Cramling,Pia/Women-Veterans (8)
;CBM 33 1992 (29)})) (8... Nc6 9. cxd5 $5 (9. Nc3 $6 dxc4 $11 (9... O-O 10.
cxd5 (10. Be2 dxc4 11. Qxd8 Rxd8 12. Bxc4 b5 $11 {Friedrich,Gerhard-Held,
Markus/Schwaebisch Gmuend op (2) ;EXT 98 1997/1-0 (44)}) 10... exd5 11. Be2 $14
{[%csl Yd4,Rd5]})) 9... Qxd5 10. Qxd5 exd5 11. Nc3 $14 {[%csl Rd5]}) 9. Qxd8+
Bxd8 10. Bxc4 b5 11. Bd3 Bb7 $11 {1/2-1/2 Donchenko,Anatoly G-Malevinsky,
Alexander A/Yerevan (13) ;MCD 1977 (16)}) (7... Bd6 8. cxd5 (8. Bb2 O-O 9. Nbd2
(9. cxd5 Nxd5 $11) 9... Nc6 10. Be2 Qe7 11. O-O Ne4 12. Qc2 Nxd2 13. Qxd2 dxc4
14. Bxc4 Rd8 15. Qc3 f6 $11 {1/2-1/2 Degerman,Lars-Lindberg,Bengt/SWE-ch
Linkoping (7) ;EXT 99 1996 (36)}) 8... exd5 (8... Nxd5 $1 9. e4 Nb6 10. e5 Be7
11. Qxd8+ Bxd8 12. Bf4 (12. Nc3 Nc6 13. Bb2 Bc7 14. O-O-O Nxe5 15. Ne4 Nbd7 $15
) (12. Bb2 Nc6 13. Nbd2 Na4 $11 {[%csl Rb2]}) 12... Nd5 13. Bg3 Nc6 14. Bd3 O-O
15. O-O b6 $11) 9. Bb2 O-O 10. Be2 Nc6 11. O-O $14 {[%csl Yd4,Rd5] 1-0 San
Segundo,Pablo-Fernandez Montoro,J/Candas op (5) ;TD 1992 (27)}) 8. Bb2 (8. cxd5
Qxd5 9. Qxd5 Nxd5 10. Bb2 O-O 11. Nbd2 Rd8 12. Rc1 Nc6 $11 {1/2-1/2 Onischuk,
Alexander-Ward,Christopher/Hastings Masters (9) ;CBM 48 ext 1995 (35)}) 8...
O-O (8... Nc6 9. Nbd2 (9. cxd5 exd5 10. Nbd2 O-O 11. Nb3 Re8 12. Be2 Ne4 13.
Nbd4 Qd6 14. O-O Bg4 15. Nxc6 bxc6 16. Nd4 Bb8 17. g3 Bh3 18. Re1 Qf6 19. Bf3
Be5 20. Bxe4 (20. Qe2 a5 21. Rac1 Rac8 $11) 20... dxe4 21. Rc1 Rac8 22. Qe2 a5
$11 {Stojanovski,Sandi-Ward,Christopher/Politiken Cup (8) ;EXT 2000 1997/1/2-1/
2 (61)}) 9... Qe7 10. Qc2 Bd7 11. Rc1 h6 12. Bd3 Rc8 13. Qb1 dxc4 14. Nxc4 O-O
15. O-O Rfd8 $11 {0-1 Piskov,Yury-King,Daniel J/Bundesliga 9495 ;GER-chT 1995 
(41)}) (8... dxc4 $5 9. Qxd8+ Kxd8 10. Bxc4 b5 11. Bd3 Nbd7 12. Nbd2 Bb7 $11)
9. Nbd2 (9. cxd5 Qxd5 {1/2-1/2 Stadler,Tereza-Csonkics,Tunde/Alfoldi mem 
(Women) ;EXT 98 1985}) 9... Nc6 (9... Qe7 10. Bd3 Rd8 (10... Nc6 11. Qc2 dxc4
12. Nxc4 h6 $1 $11 (12... Bd7 13. Bxf6 $1 (13. Rd1 $2 Rac8 14. Qb1 Kh8 15. O-O
Rcd8 $11 {0-1 Binham,Timothy F-Wedberg,Tom/Helsinki (1) ;MCD 1983 (28)}) 13...
Qxf6 (13... gxf6 14. Bxh7+ Kg7 15. Be4 f5 16. Bd3 b5 17. Ncd2 $16) 14. Bxh7+
Kh8 15. Rd1 Rfd8 16. Be4 $16)) 11. Qc2 h6 $5 (11... Bd7 12. cxd5 exd5 13. O-O
Rc8 14. Qb1 h6 15. e4 (15. Bd4 $14) 15... Nxe4 16. Nxe4 dxe4 17. Bxe4 Nc6 18.
Re1 Qf8 19. Bd5 $14 {1-0 Piskov,Yury-Arsovic,Zoran/Belgrade Trako (12) ;CBM 47
ext 1995 (35)}) 12. Ne5 Nbd7 13. Ndf3 Nxe5 14. Nxe5 Bd7 (14... dxc4 15. Qxc4
Bd7 16. Qh4 $11) 15. c5 Rac8 (15... Rdc8 $132) 16. Bd4 Bb8 $132 {1-0 Pyhala,
Antti-Wedberg,Tom/FIN-SWE Helsinki (2) ;CBM 26 1991 (40)}) 10. Bd3 (10. Qc2 Bd7
11. Rd1 Rc8 12. Qb1 Qe7 13. Bd3 h6 14. O-O Rfd8 15. Qa1 Be8 $132 {Malaniuk,
Vladimir P-Efimov,Igor/Montecatini Terme op ;EXT 97 1995/1-0 (57)}) (10. Be2
Qe7 11. Rc1 Rd8 12. O-O Bd7 13. Qc2 Be8 $11 {Aagaard,Jacob-Eingorn,Vereslav S/
Berliner Sommer (3) ;CBM 59 ext 1997/0-1 (61)}) 10... e5 $2 {Connected with
wrong variations calculation.} ({Better was} 10... Re8 11. O-O e5 $1 $132 (
11... d4 $2 12. exd4 Nxd4 13. c5 $1 $16 (13. Ne5 Nc6 14. Ndf3 (14. Nxc6 $1 bxc6
(14... Qxd3 15. Nxa7 Rxa7 16. Bxf6 gxf6 17. Qg4+ Kh8 18. Qf4 Kg7 19. Qb8 $18 {
[%csl Ra7]}) 15. Nb3 $14 {[%csl Rc6]}) 14... Nxe5 15. Nxe5 Qe7 16. Qf3 Bb8 17.
Rfe1 $14 {1-0 Rantanen,Yrjo A-Vooremaa,Andres/FIN-chT ;EXT 98 1994 (27)}))) ({
Better was also} 10... Qe7 11. O-O dxc4 12. Nxc4 b5 13. Nd6 Rd8 14. Nxc8 (14.
Bxf6 $5 gxf6 (14... Qxf6 15. Bxh7+ Kxh7 16. Qc2+ Kg8 17. Qxc6 Bd7 18. Qe4 $16)
15. Nxc8 (15. Bxh7+ Kxh7 16. Qc2+ Kg7 17. Qxc6 Bd7 $17) 15... Raxc8 16. Rc1 $14
) 14... Raxc8 15. Qb3 Nd5 $11 {1/2-1/2 Tella,Jussi-Forintos,Gyozo V/Viking op
Aaland-Stockholm ;EXT 98 1997 (36)}) 11. Nxe5 {Now it is very difficult to
justify P sacrifice.} Nxe5 (11... d4 12. Nxc6 bxc6 13. e4 (13. exd4 Bxd4 14.
Bxd4 Qxd4 15. Be2 Rd8 16. Ra2 a5 $44) 13... c5 14. O-O $16) 12. Bxe5 Ng4 (12...
d4 13. e4 Re8 14. Bxf6 (14. Bg3 $16) 14... Qxf6 15. O-O $16) 13. Bg3 $2 $132 {
missing the next very strong move} ({I think, White keep advantage after} 13.
Bb2 $1 dxc4 ({Here  is bad:} 13... Bxe3 14. fxe3 Nxe3 15. Qh5 h6 16. Qe5 Nc2+
17. Bxc2 Re8 18. O-O $16) (13... Qh4 14. g3 Qe7 15. c5 $16) (13... Re8 14. O-O
Qh4 (14... Qd6 15. Nf3 Nxf2 16. Rxf2 Bxe3 17. Bc2 $16) (14... Nxe3 15. fxe3
Rxe3 16. Bxh7+ $18) 15. Nf3 $16) 14. Nxc4 Qh4 15. Qf3 $16) 13... Bxe3 $1 {
[%mdl 512] This sacrifice is the main idea of 10-th Black move.} 14. Nf3 $1 ({
Wrong was} 14. fxe3 $2 Nxe3 $1 (14... Re8 15. e4 $1 (15. Nf1 Qf6 16. Ra2 (16.
Qc1 $2 dxc4 17. Bxc4 Bf5 {[%cal Ga8c8]} 18. Ra2 Rac8 19. h3 Ne5 20. Bxe5 Qxe5
$15) 16... dxc4 17. Be2 Nxe3 (17... Rxe3 18. Nxe3 Nxe3 19. Qd6 Nxg2+ 20. Kd1
Be6 21. Qe5 $16) 18. Nxe3 Rxe3 19. Bf2 $16) 15... dxe4 16. Bf1 Qf6 17. Qc1 e3
18. Nf3 $18) 15. Qb1 (15. Qh5 h6 $1 $17 {[%csl Re1][%cal Gf8e8]}) (15. Qe2 Re8
16. Be4 Nc2+ 17. Bxc2 Rxe2+ 18. Kxe2 Bg4+ 19. Nf3 Qf6 $17) 15... Re8 16. Kf2 (
16. c5 Qf6 $17) 16... dxc4 $1 (16... Qf6+ $2 17. Nf3 dxc4 18. Bxh7+ Kh8 19. Re1
Ng4+ 20. Kg1 Rxe1+ 21. Bxe1 g6 22. Bxg6 fxg6 23. Qc1 $16) 17. Bxh7+ Kh8 18. Ra2
Ng4+ 19. Kf1 c3 $17 20. Nf3 Be6 21. Rf2 $8 g6 22. Bxg6 fxg6 $17) 14... dxc4 15.
Bxc4 Qf6 $6 $14 {Unnecessary move.} ({Good was} 15... Bh6 16. O-O b5 $11) ({or
} 15... Ba7 16. O-O $11) 16. O-O Bf4 (16... Ba7 17. h3 Nh6 18. Re1 $14) 17.
Bxf4 Qxf4 18. Qc1 $1 Qf6 (18... Qxc1 19. Raxc1 b5 20. Bd5 Ra7 21. Rc5 $14) 19.
Re1 Qb6 $6 $16 (19... b5 $142 20. Bd5 Ra7 21. h3 Nh6 22. Qc5 Rd7 23. Ne5 $14 {
[%csl Gc5,Gd5,Ge5]}) 20. Ra2 a5 (20... Bd7 21. Re7 Rad8 22. Rd2 Be6 23. Bxe6
fxe6 24. h3 $16 {[%csl Re6]}) 21. Qf4 $1 (21. b5 {After this move Black has
two possibilities of Bc8 development:} Bf5 (21... Bd7 22. Re7 Bxb5 23. Rb2 Qf6
24. Rxf7 Rxf7 25. Rxb5 $16) 22. Qf4 Rac8 $1 23. Rae2 Bd7 24. Rd2 Nf6 25. Ne5
$14) 21... Nf6 22. Ng5 $5 ({Also strong was} 22. Rd2 $1 axb4 ({Here don't help
} 22... Bd7 23. Rd6 $1 Qa7 24. Re7 axb4 25. Rxf6 {and White wins.}) 23. axb4
$16 {[%csl Rc8,Rf7][%cal Gf3e5,Gf3g5,Gd2d6] It is quite difficult to Black
here to complete development and to defend from several threats.}) 22... Bd7 $5
({Black out of time} 22... axb4 $2 23. Bxf7+ $1 Kh8 (23... Rxf7 24. Re8+ $1 $18
) 24. axb4 $18) ({After} 22... Bg4 {also White keep advantage} 23. Rd2 Bh5 (
23... axb4 24. Nxf7 Rxf7 25. Rd6 Qc5 26. Rxf6 gxf6 27. Qxg4+ $18) 24. Rd6 Qa7
25. Bd3 Qb8 (25... Rae8 26. Rf1 Bg6 27. Bxg6 hxg6 28. Qh4 Nh5 29. g4 Qb8 30.
Rfd1 $18) 26. b5 $1 (26. Rxf6 $2 gxf6 27. Qh4 Re8 (27... fxg5 28. Qxh5 $18) 28.
Rb1 fxg5 29. Qxh5 Qe5 30. Qxh7+ Kf8 31. Qh6+ Qg7 32. Qd6+ Kg8 33. bxa5 Rxa5 $44
) 26... h6 27. Nf3 Ne8 28. Qe4 f5 29. Qe6+ Kh8 30. Rd4 Bxf3 31. gxf3 $16) 23.
Rd2 axb4 (23... Bc6 24. b5 $1 $18) 24. Rd6 $2 $132 ({Nothing was bring} 24.
Bxf7+ $2 Rxf7 25. Nxf7 bxa3 26. Qc4 Be6 $3 27. Rxe6 Qb1+ 28. Qf1 Qxf1+ 29. Kxf1
a2 30. Rxa2 Rxa2 31. Nd6 $132) ({Right was another taking on f7:} 24. Nxf7 $1
bxa3 $1 25. Qd6 $1 (25. Ne5+ $6 Kh8 26. Nf7+ (26. Ng6+ $4 hxg6 27. Qh4+ Nh5 $19
) (26. Rxd7 Nxd7 27. Nxd7 Rxf4 28. Nxb6 Rd8 $44) 26... Rxf7 27. Bxf7 $16) 25...
Qxd6 26. Nxd6+ Kh8 27. Nf7+ Rxf7 (27... Kg8 28. Ne5+ Kh8 29. Nxd7 $18) 28. Bxf7
b5 29. Rd6 Ra7 30. Rb6 $16) 24... Qa5 (24... Qd8 25. axb4 (25. Nxf7 Rxf7 26.
Red1 Qe7 27. Qxf6 $5 gxf6 28. Rxd7 Kf8 29. Bxf7 Qe5 30. axb4 Ra1 $17) 25... h6
26. Nf3 $1 $16 (26. Nxf7 $2 Rxf7 27. Red1 (27. Bxf7+ Kxf7 28. Red1 Kg8 29. Qd4
Qe7 $1 $15 {and White can't take on d7 because of weak first line.}) 27... Qe7
28. Rxd7 Qxd7 29. Rxd7 Ra1+ 30. Bf1 Rxd7 31. Qc4+ Kf8 $11)) 25. Rxf6 $2 $17 (
25. Rxf6 $2 $17 {The last move in the game is mistake!} gxf6 26. Ne4 (26. Qxf6
Qf5 $17) (26. Nxf7 Rxf7 27. Qxf6 Qh5 28. Bxf7+ Qxf7 29. Qg5+ Qg7 30. Qxg7+ Kxg7
31. Re7+ Kf6 32. Rxd7 bxa3 $19) 26... Qf5 27. Qg3+ Kh8 28. Nd6 Qg5 $17) (25.
Bxf7+ Rxf7 26. Nxf7 bxa3 $44) (25. axb4 $5 Qf5 26. Qxf5 Bxf5 27. h3 (27. f3
Rac8 $132) 27... Rac8 $132) 1-0

[Event "Hastings 0102 77th"]
[Site "Hastings"]
[Date "2001.12.29"]
[Round "1"]
[White "Hebden, Mark"]
[Black "Wells, Peter K"]
[Result "0-1"]
[WhiteElo "2567"]
[BlackElo "2517"]
[Annotator "Tsesarsky,I"]
[PlyCount "124"]
[EventDate "2001.12.29"]
[EventType "tourn"]
[EventRounds "9"]
[EventCountry "ENG"]
[EventCategory "11"]
[SourceTitle "CBM 087"]
[Source "ChessBase"]
[SourceDate "2002.03.21"]
[SourceVersion "1"]
[SourceVersionDate "2002.03.21"]
[SourceQuality "1"]

1. d4 Nf6 2. Nf3 d5 3. c4 e6 4. Bg5 dxc4 5. Qa4+ Nbd7 6. e4 ({Another
mainlines are:} 6. e3 c6 7. Bxf6 Qxf6 8. Qxc4 e5 {-see commented game 1/2-1/2
Seirawan,Y-Kaidanov,G/Salt Lake City 1999/CBM 73[Tsesarsky,I] (25)}) (6. Qxc4 {
-see commented game 0-1 Oms Pallise,J-Korneev,O/Linares 1997/CBM 58 [Tsesarsky,
I](42)}) 6... a6 $6 $14 ({More popular is} 6... Be7 $1 7. Nbd2 (7. Nc3 O-O 8.
Qxc4 a6 9. e5 Nd5 10. h4 b5 11. Nxd5 exd5 12. Qxd5 Rb8 13. e6 (13. Be2 Bb7 14.
Qb3 c5 15. dxc5 Nxc5 16. Qe3 Ne6 17. Bxe7 Qxe7 18. O-O Bxf3 19. Bxf3 Qxh4 $11 {
1/2-1/2 Wallace,J-Lukacs,P/Budapest 1995/CBM 46 ext (29)}) 13... fxe6 14. Qxe6+
Rf7 15. Bxe7 Qxe7 16. Qxe7 Rxe7+ 17. Kd2 Bb7 18. Re1 Rxe1 19. Nxe1 c5 20. dxc5
Nxc5 21. f3 $14) 7... O-O 8. Bxc4 a6 (8... c5 $6 9. e5 Nd5 10. Bxe7 Nxe7 11.
Bd3 cxd4 12. O-O b6 13. Qxd4 Nc5 14. Bxh7+ Kxh7 15. Qh4+ Kg8 16. Ng5 Re8 (16...
Qd3 17. Nde4 Rd8 18. Rad1 Qxf1+ 19. Rxf1 Nxe4 20. Nxe4 $18 {1-0 Hebden,
M-Bryson,D/Glasgow 1995/EXT 2001 (33). (32)}) 17. Qh7+ (17. Nde4 Nxe4 18. Qxe4
Nf5 19. Qxa8 Qxg5 20. Rac1 Bd7 21. Qxa7 Bb5 $15) 17... Kf8 18. Qh8+ Ng8 19.
Nh7+ Ke7 20. Nc4 $16) 9. Qc2 c5 10. e5 Nd5 11. Bxd5 exd5 12. Bxe7 Qxe7 13. O-O
b6 14. Rfe1 Rd8 15. Rac1 Bb7 16. Nf1 Rac8 $132 {1-0 Mohr,S-Kotronias,V/
Budapest 1988/CBM 08 (55). (54)}) ({Worth of attention} 6... c6 $5 {[%cal
Gb7b5] and White had to sacrifice P by force:} 7. Qxc4 {otherwise Black will
play b7-b5.} Qb6 {[%csl Rb2,Re4][%cal Gf6e4,Gb6b2]} 8. Nbd2 (8. Qc2 $2 Nxe4 9.
Qxe4 Qxb2 $19) 8... Qxb2 9. Rb1 Qa3 10. Bd3 h6 11. Bf4 Qa5 12. O-O Be7 13. Qc2
Qd8 14. Nc4 O-O 15. Rfd1 c5 16. d5 exd5 17. exd5 Re8 18. d6 $44 {1/2-1/2
Hebden,M-Lalic,B/Kilkenny 1999/CBM 73 ext (32)}) 7. Bxc4 $1 (7. Qxc4 c5 8. Nbd2
cxd4 9. e5 {-see commented game 0-1 Iljushin,A-Sveshnikov,E/Samara 2000/CBM 78
[Tsesarsky,I] (43)}) 7... c5 (7... Be7 8. e5 Nd5 9. Bxe7 Qxe7 10. Nbd2 O-O 11.
Qc2 $14) 8. O-O ({Worth of attention} 8. e5 $5 h6 9. Bh4 (9. Be3 Ng4 10. O-O
Rb8 {[%cal Gb7b5]} 11. Qc2 Nb6 (11... Nxe3 12. fxe3 $14 {[%cal Gf1f7]})) 9...
g5 (9... b5 10. Bxb5 Qb6 11. Bc6 Qxb2 12. Bxa8 Qxa1 13. O-O $18) 10. Bg3 (10.
Nxg5 $2 hxg5 11. Bxg5 Be7 12. exf6 Bxf6 13. Bxf6 Qxf6 $15) 10... Ne4 11. Nbd2
Nxd2 (11... Nxg3 12. hxg3 g4 (12... cxd4 13. Ne4 Qb6 14. Nf6+ $14 {[%csl Re8]})
13. Nh2 {[%csl Rg4][%cal Gh2g4]} Rb8 14. dxc5 Bxc5 15. Be2 $16 {[%csl Rg4]})
12. Nxd2 cxd4 13. Ne4 Be7 14. O-O h5 15. f4 (15. h3 h4 16. Bh2 g4 17. hxg4 h3
18. Rad1 Qb6 (18... hxg2 19. Kxg2 $14) 19. Bb3 hxg2 20. Kxg2 $14) 15... h4 16.
Bf2 gxf4 17. Bxd4 $14) 8... cxd4 9. Nxd4 ({Too late is} 9. e5 h6 10. Bh4 g5 11.
Nxg5 ({Or} 11. Bg3 Ne4 12. Nbd2 Nec5 (12... Nxg3 13. fxg3 {[%cal Gf1f7]} Rb8 {
[%cal Gb7b5]} 14. Bd3 b5 15. Qc2 g4 16. Nxd4 Nxe5 (16... Bc5 17. N2b3 Bxd4+ 18.
Nxd4 Nxe5 19. Qf2 O-O $44) 17. N2b3 $44) 13. Qc2 h5 $132) 11... hxg5 12. Bxg5
Be7 (12... b5 $2 13. Bxb5 Qc7 14. Bxf6 axb5 15. Qxa8 Nxf6 {[%csl Rh2][%cal
Gc7h2]} 16. Nd2 $16 {[%csl Rc8][%cal Ga1c1,Gc1c8]}) 13. exf6 Bxf6 14. Bf4 (14.
Bxf6 Qxf6 15. Nd2 b5 16. Bxb5 Qe5 17. Bxd7+ Bxd7 18. Nf3 Qxh2+ 19. Nxh2 Bxa4
20. Rfc1 $132)) 9... Bd6 10. Be2 O-O 11. Qc2 b5 12. Nc6 $2 $17 {White waste
tempi for dubious exchange operation.} ({Badly is} 12. Qc6 $2 {in view of} Qb6
13. Bxf6 (13. Qxb6 Nxb6 14. Nd2 Bb7 15. f3 Be5 16. N2b3 Nc4 17. Rab1 h6 18.
Bxf6 (18. Bh4 Bxd4+ 19. Nxd4 Nd2 $17) 18... Bxf6 19. Rfd1 Rfd8 $17) (13. Qxa8
Bb7 14. Qxf8+ Bxf8 $17 {[%csl Rd4,Re4]}) 13... gxf6 14. Rd1 Be5 15. Qxb6 Nxb6
$17) ({Right was} 12. Rd1 $1 Qb6 13. Be3 Bb7 14. Nb3 Qc7 15. Qxc7 Bxc7 16. N1d2
Rfd8 $11 (16... Be5 17. Na5 $14)) 12... Qc7 13. Ne7+ Kh8 14. Qxc7 Bxc7 15. Nxc8
({In case of} 15. Nd2 Bb7 {Black leaves with advantage:} 16. a4 (16. Rfc1 Be5
$17) 16... bxa4 17. Rfc1 Bd6 18. Nc6 Rfc8 19. Bxf6 Bxc6 20. Bc3 $17) 15...
Rfxc8 16. Nc3 ({Or} 16. Nd2 Be5 17. Rab1 Rc2 $17) 16... Be5 {[%csl Re4][%cal
Ge5c3]} 17. Rfd1 Nc5 {[%csl Re4]} 18. Bxf6 (18. f3 $2 b4 $19 {[%csl Rb2,Rc3]
[%cal Ge5b2]}) 18... gxf6 19. Bh5 Ra7 (19... Kg7 $17) 20. Rac1 Rac7 {[%csl Re4]
[%cal Gc5e4]} 21. b3 (21. f3 b4 22. Ne2 Bxb2 $17) (21. Ne2 Bxb2 $17) 21... Kg7
(21... Nxe4 22. Ne2 Kg7 23. Rxc7 Rxc7 24. f3 (24. f4 {-see below.}) 24... Nc5 (
24... Kh6 25. Bxf7 Rxf7 (25... Ng5 26. Be8 Rc2 27. Kf2 Kg7 28. h4 $16) 26. fxe4
Rc7 $15) 25. b4 Na4 $17) 22. Ne2 Nxe4 23. Rxc7 Rxc7 24. f4 (24. f3 $17 {
-see above.}) 24... Bd6 25. Bf3 f5 26. Kf1 (26. Bxe4 Bc5+ 27. Kf1 fxe4 $17)
26... Ba3 27. Ng3 {The last White's chance to survive is opposite-colours BB.}
Nf6 $1 ({In case of} 27... Nxg3+ $143 $2 28. hxg3 {White's PP on the kingside
are not vulnerable! Compare this PP structure with the one from this game.} Rc2
29. Rd7 Rxa2 30. Bh5 Bc5 31. Rc7 Bd4 32. Rxf7+ Kh6 33. Bf3 Rf2+ 34. Ke1 Rb2 35.
Re7 a5 36. Rxe6+ Kg7 37. Bd5 Bc3+ (37... Bf2+ 38. Kd1 Bxg3 39. Re7+ Kf8 40.
Rf7+ Ke8 41. Rxf5 $132) 38. Kf1 a4 39. bxa4 bxa4 40. Ra6 $132) 28. Nh5+ Nxh5
29. Bxh5 Kh6 30. Bf3 Bc1 $1 31. g3 Rc2 {[%csl Ra2,Rh2]} 32. a4 Be3 {[%csl Rf3,
Rh2]} 33. Be2 bxa4 34. bxa4 a5 35. Rd7 (35. Rd3 Bc5 $17) 35... Kg6 36. h4 Ra2
37. Bb5 Rf2+ 38. Ke1 Rg2 {[%csl Rf4,Rg3,Rh4]} 39. Rd8 Kf6 40. Ra8 Bd2+ (40...
Rxg3 41. Rxa5 Bxf4 $19 {similar to position from this game - see below.}) 41.
Kd1 Bb4 42. Rg8 Bd6 43. Rd8 Bb4 (43... Bc5 $19) 44. Rg8 Bd6 45. Ra8 (45. Rd8
Bc5 46. Ra8 Bf2 47. Bc6 Rxg3 48. Rxa5 Rc3 $19 {[%csl Rf4,Rh4]}) 45... Rxg3 46.
Rxa5 Bxf4 47. Ra7 Rc3 48. Ke2 Be3 49. Rb7 e5 50. Be8 e4 51. Rxf7+ Ke6 52. Rxh7
f4 53. Bd7+ Kf6 54. Bg4 Bd4 (54... Rc2+ 55. Kd1 Rg2 56. Bh5 f3 57. Rf7+ Ke6 58.
Rf8 Rg1+ 59. Kc2 Bh6 {[%csl Rf3,Rf4,Rf5,Rf6,Rf7,Rf8]} 60. Rh8 Bf4 61. Rf8 Ke5
$19) 55. Rh5 f3+ 56. Kd1 Rc5 57. Rxc5 Bxc5 58. a5 Ke5 59. a6 Kf4 60. Bd7 e3 61.
Bb5 Kg3 62. Ke1 Kg2 0-1